Giáo trình kỹ thuật sửa chữa môtô xe máy : (Tái bổ sung các kỹ thuật mới)

Sách hướng dẫn cách tự bảo trì, sử dụng, sửa chữa môtô xe máy và cập nhật các kỹ thuật mới nhất để đáp ứng yêu cầu của học viên, tiệm sửa chữa bảo trì xe máy và những bạn đọc quan tâm. Giúp các bạn có kiến thúc cơ bản về xe gă...

全面介紹

Đã lưu trong:
書目詳細資料
主要作者: Lê, Xuân Tới
格式: 圖書
語言:Undetermined
出版: Thành phố Hồ Chí MInh Giao thông vận tải 2010
主題:
標簽: 添加標簽
沒有標簽, 成為第一個標記此記錄!
Thư viện lưu trữ: Trung tâm Học liệu Trường Đại học Cần Thơ
LEADER 01111nam a2200229Ia 4500
001 CTU_159136
008 210402s9999 xx 000 0 und d
020 |c 70000 
082 |a 629.28775 
082 |b T462 
100 |a Lê, Xuân Tới 
245 0 |a Giáo trình kỹ thuật sửa chữa môtô xe máy : 
245 0 |b (Tái bổ sung các kỹ thuật mới) 
245 0 |c Lê Xuân Tới 
260 |a Thành phố Hồ Chí MInh 
260 |b Giao thông vận tải 
260 |c 2010 
520 |a Sách hướng dẫn cách tự bảo trì, sử dụng, sửa chữa môtô xe máy và cập nhật các kỹ thuật mới nhất để đáp ứng yêu cầu của học viên, tiệm sửa chữa bảo trì xe máy và những bạn đọc quan tâm. Giúp các bạn có kiến thúc cơ bản về xe gắn máy. 
650 |a Motorcycles 
650 |x Maintenance and repair 
904 |i Ánh Vân (Bé Ba), Bạch Trúc 
980 |a Trung tâm Học liệu Trường Đại học Cần Thơ